Química general Tomo II: Metales
Gespeichert in:
| 1. Verfasser: | |
|---|---|
| Format: | Buch |
| Sprache: | Spanisch |
| Erschienen: |
Santiago
Editorial Nascimiento
1933
|
| Katalog: | MANES: Suchergebnis im Bibliothekskatalog |
| Schulbuchspezifische Eigenschaften: |
|
| Tags: |
Tag hinzufügen
Keine Tags, Fügen Sie den ersten Tag hinzu!
|
| Hinzugefügt zu: | 08.12.2022 |
| Geändert in: | 25.04.2025 |
MARC
| LEADER | 00000nam a22000007a 4500 | ||
|---|---|---|---|
| 005 | 20250425101536.0 | ||
| 008 | 221209b |||||||| |||| 00| 0 spa d | ||
| 040 | |a MGM | ||
| 100 | |9 42811 |a Riffo Jimenez, Horacio |c autor | ||
| 245 | |a Química general Tomo II: Metales | ||
| 260 | |a Santiago |b Editorial Nascimiento |c 1933 | ||
| 300 | |a 190 p. |c 13,5 x 18,5 cm. | ||
| 521 | |a Correspondiente al V y VI año de humanidades | ||
| 546 | |a Chile | ||
| 561 | |5 cl-MGM |3 T540 R481q 1933 4°-5°H |a Chile. Museo Gabriela Mistral |k MANES | ||
| 690 | |a FQ | ||
| 691 | |a SE | ||
| 942 | |2 ddc |c BK | ||
| 999 | |c 99862 |d 99862 | ||
| 999 | |c manes:99862 |d 99862 | ||